logo

Bir Sreshtho Munshi Abdur Rouf Library
Jhenaidah Cadet College

Modern essays in English. (Record no. 8782)

MARC details
000 -LEADER
fixed length control field 00647cam a22002531 4500
001 - CONTROL NUMBER
JCCL Control Number 8782
003 - CONTROL NUMBER IDENTIFIER
JCCL marc code BD-JhCC
005 - DATE AND TIME OF LATEST TRANSACTION
control field 20180303203224.0
008 - FIXED-LENGTH DATA ELEMENTS--GENERAL INFORMATION
fixed length control field 741121s1966 xx 000 0 eng
035 ## - SYSTEM CONTROL NUMBER
system control number (BD-JhCC)8782
035 ## - SYSTEM CONTROL NUMBER
system control number (OCoLC)1083336
040 ## - CATALOGING SOURCE
Original cataloging agency DLC
Transcribing agency TxDaU
Modifying agency DLC
-- BD-JhCC
041 ## - LANGUAGE CODE
Language code of Book eng
050 00 - LIBRARY OF CONGRESS CALL NUMBER
Classification number PE1122
Item number .F65
082 ## - DEWEY DECIMAL CLASSIFICATION NUMBER
Classification number 814.5008
Author mark and Year FRA 1966
100 1# - MAIN ENTRY--PERSONAL NAME
Personal name Frank, Joseph,
Dates associated with a name 1916-1993,
245 10 - TITLE STATEMENT
Title Modern essays in English.
260 ## - PUBLICATION, DISTRIBUTION, ETC. (IMPRINT)
Place of publication, distribution, etc Boston,
Name of publisher, distributor, etc Little, Brown
Date of publication, distribution, etc [1966]
300 ## - PHYSICAL DESCRIPTION
Pagination xii, 424 p.
Dimensions 21 cm.
504 ## - BIBLIOGRAPHY, ETC. NOTE
Bibliography, etc Bibliographical footnotes.
650 #0 - SUBJECT ADDED ENTRY--TOPICAL TERM
Topical term or geographic name as entry element College readers
942 ## - ADDED ENTRY ELEMENTS (KOHA)
Source of classification or shelving scheme Dewey Decimal Classification
Koha item type Books
Holdings
Source of classification or shelving scheme Damaged status Not for loan Home library Current library Shelving location Total Checkouts Full call number Barcode Date last seen Copy number Koha item type
Dewey Decimal Classification     JCC Rouf Library JCC Rouf Library General Stacks   814.5008 FRA 1966 11607 03/03/2018 C - 1 Books

JCC Library | Contacts | JCC Home

Last Update on 23 September 2017
Copyright @ 2017-2020 JCC Rouf Library
Rouf Library, Jhenidah Cadet College (JCC), Bangladesh